书目信息 |
| 题名: |
中国环境监测方略
|
|
| 作者: | 万本太 主编 ;中国环境监测总站 编 | |
| 分册: | ||
| 出版信息: | 北京 中国环境科学出版社 2005 |
|
| 页数: | 196页 | |
| 开本: | 23cm | |
| 丛书名: | ||
| 单 册: | ||
| 中图分类: | X83 | |
| 科图分类: | ||
| 主题词: | 环境监测--发展战略--研究--中国 , 环境监测 | |
| 电子资源: | ||
| ISBN: | 7-80209-043-1 | |
| 000 | 01001nam0 2200253 450 | |
| 001 | 002876400 | |
| 005 | 20070805171339.57 | |
| 010 | @a7-80209-043-1@dCNY30.00 | |
| 100 | @a20050221d2005 em y0chiy0110 ea | |
| 101 | 0 | @achi |
| 102 | @aCN@b110000 | |
| 105 | @ay z 000yy | |
| 200 | 1 | @a中国环境监测方略@9zhong guo huan jing jian ce fang lve@f万本太主编@g中国环境监测总站[编] |
| 210 | @a北京@c中国环境科学出版社@d2005 | |
| 215 | @a196页@d23cm | |
| 330 | @a本书内容包括中国环境监测的发展战略、现代化发展纲要、科技发展纲要、科技路线、技术体系、质量管理、能力建设等检测工作的宏观思路和总体构想,还包括生态监测、物理监测、监测仪器发展指南等监测专项的发展规划。 | |
| 510 | 1 | @aChina Environmental Monitoring General Plan@zeng |
| 606 | 0 | @a环境监测@x发展战略@x研究@y中国 |
| 606 | 0 | @a环境监测 |
| 690 | @aX83@v4 | |
| 701 | 0 | @a万本太@9wan ben tai@c(环境保护)@4主编 |
| 712 | 02 | @a中国环境监测总站@9zhong guo huan jing jian ce zong zhan@4编 |
| 801 | 0 | @aCN@bNLC@c20070805 |
| 905 | @a10447@dX83@e125 | |
| 中国环境监测方略/万本太主编/中国环境监测总站[编].-北京:中国环境科学出版社,2005 |
| 196页;23cm |
| ISBN 7-80209-043-1:CNY30.00 |
| 本书内容包括中国环境监测的发展战略、现代化发展纲要、科技发展纲要、科技路线、技术体系、质量管理、能力建设等检测工作的宏观思路和总体构想,还包括生态监测、物理监测、监测仪器发展指南等监测专项的发展规划。 |
| ● |
| 相关链接 |
|
|
|
|
正题名:中国环境监测方略
索取号:X83/125
 
预约/预借
| 序号 | 登录号 | 条形码 | 馆藏地/架位号 | 状态 | 备注 |
| 1 | 0809231 | 208092311 | 第二样本阅览室/ [索取号:X83/125] | 在馆 | |
| 2 | 0809232 | 208092320 | 第三借阅区/ [索取号:X83/125] | 在馆 |